Libro Segundo de Máximas Morales
Gespeichert in:
| 1. Verfasser: | |
|---|---|
| Format: | Buch |
| Erschienen: |
Riohacha
Imprenta de la Unión, por Juan Freiler
1861
|
| Katalog: | MANES: Suchergebnis im Bibliothekskatalog |
| Schulbuchspezifische Eigenschaften: |
|
| Tags: |
Tag hinzufügen
Keine Tags, Fügen Sie den ersten Tag hinzu!
|
| Geändert in: | 07.05.2025 |
MARC
| LEADER | 00000nam a22000007a 4500 | ||
|---|---|---|---|
| 005 | 20250507125453.0 | ||
| 008 | Spa | ||
| 040 | |a Centro_Manes |c Manuales Escolares U. Atlántico | ||
| 100 | |9 9301 |a Serrano Díaz, Luis José |b Obispo | ||
| 245 | |a Libro Segundo de Máximas Morales | ||
| 260 | |a Riohacha |b Imprenta de la Unión, por Juan Freiler |c 1861 | ||
| 300 | |a 56.p |c 23x20cm | ||
| 500 | |a Este manual es un ejemplo instructivo para la lectura de los niños de primeras letras. este manual se puede encontrar en la universidad del Atlántico. va dirigido a estudiantes de secundaria y este texto no esta en forma original si no en fotocopia. | ||
| 546 | |a Colombia | ||
| 561 | |5 co-CDME |a Colombia. Universidad del Atlántico |k MANES | ||
| 690 | 0 | |a LEN | |
| 691 | 0 | |a SE | |
| 942 | |2 ddc |c BK | ||
| 999 | |c 55432 |d 55432 | ||
| 999 | |c manes:55432 |d 55432 | ||